Anagram Match-Up Quiz Stats

 Plays Quiz Updated Oct 6, 2015

Challenge
Share
Tweet
Embed
Score 0/30 Timer 02:00
11 Plays Today
% Correct
Evil
97.3%
Gust
96.5%
Wolf
96.4%
Dome
96.4%
Spa
95.6%
Lame
95.6%
Wider
94.1%
Rowdy
93.8%
Bowel
93.5%
Cruel
92.4%
Acre
90.1%
Bluest
86.8%
Costar
83.6%
Danger
82.9%
Itself
79.4%
% Correct
Tasked
77%
Traces
76.6%
Inlets
73.5%
Pooled
68.3%
Singer
65.9%
Ascent
65.6%
Teased
62.9%
Gallery
62.2%
Earnest
51.1%
Instead
51%
Replays
49.8%
Serpent
47.9%
Calipers
45%
Recounts
42.6%
Streaming
41.2%

You're not logged in!

Compare scores with friends on all Sporcle quizzes.
OR
Log In

You Might Also Like...

Show Comments

Extras

Top Quizzes Today


Score Distribution

Your Account Isn't Verified!

In order to create a playlist on Sporcle, you need to verify the email address you used during registration. Go to your Sporcle Settings to finish the process.

Report this User

Report this user for behavior that violates our Community Guidelines.

Details: